Bachillerato en humanidades con mención en comercio y en economía industrial: cedulario

Saved in:
Bibliografiske detaljer
Institution som forfatter: Universidad de Chile (Author)
Format: Bog
Sprog:spansk
Udgivet: Santiago Prensas de la Universidad de Chile 1935
Fag:
Tags: Tilføj Tag
Ingen Tags, Vær først til at tagge denne postø!

MARC

LEADER 00000nam a2200000 a 4500
001 UCU6417
003 CL-VaPUC
008 960621e19350000CL |||||||||||||||||spa|d
082 0 4 |a 378.166  |b UNI  |2 21 
110 2 |a Universidad de Chile  |e author  |9 364561 
245 1 0 |a Bachillerato en humanidades con mención en comercio y en economía industrial: cedulario 
300 |a 36 p 
942 |c BK 
945 |d 19960621 00:00:00  |a rbrito 
260 |a Santiago  |b Prensas de la Universidad de Chile  |c 1935 
650 7 |a EXAMEN DE ADMISION  |2 CL-VaPUC  |9 364562 
650 0 |a Educación superior   |9 223851 
650 0 |a Bachilleratos  |9 341184 
650 0 |a Medición   |9 263450 
650 0 |a Evaluación de la educación   |9 237505 
650 0 |a Comercio  |9 255341 
650 7 |a ECONOMIA INDUSTRIAL  |2 CL-VaPUC  |9 315314 
583 |a last modification  |c 19960621 00:00:00  |k Rodrigo Vera 
999 |c 249332  |d 249330 
952 |0 0  |1 0  |4 0  |6 378_166000000000000_UNI_1935  |7 0  |8 P  |9 266535  |a BIBEDU  |b BIBEDU  |c BIBEDU_PB  |d 2019-11-19  |i 309572K  |o 378.166 UNI 1935  |p 309572K  |r 2019-11-19  |w 2019-11-19  |y BK  |k EDU